| 000 | 01696nam a2200493 i 4500 | ||
|---|---|---|---|
| 001 | 26473 | ||
| 003 | KOSZ 005 | ||
| 005 | 20200724125702.0 | ||
| 008 | 070731s1970 pl a f |000 0 pol | ||
| 015 | _aUWD 1970/9302 | ||
| 035 | _a991035665239705066 | ||
| 035 | _a(PL-WaBN)b19591883-48omnis_nlop | ||
| 035 | _ab19591883 | ||
| 035 | _a(OCoLC)749486939 | ||
| 035 | _a(PL)b0000001959188 | ||
| 035 | _a(EXLNZ-48OMNIS_NETWORK)9910374421805606 | ||
| 040 |
_aWA N _cWA N _dKOSZ 005/EG _dKOSZ 005/HR |
||
| 080 | _a637.4 | ||
| 080 | _a(075.8) | ||
| 245 | 1 | 0 |
_aTechnologia jaj : _bpraca zbiorowa / _cpod red. Adama Niewiarowicza ; aut. Urszula Hojan-Lubawa [et al.]. |
| 260 |
_aWarszawa : _bWydawnictwa Naukowo-Techniczne, _cdr. 1970. |
||
| 300 |
_a370, [2] s. : _bil. ; _c23 cm. |
||
| 336 |
_aTekst _btxt _2rdacontent |
||
| 337 |
_aBez urządzenia pośredniczącego _bn _2rdamedia |
||
| 338 |
_aWolumin _bnc _2rdacarrier |
||
| 380 | _aKsiążki | ||
| 380 | _aPublikacje dydaktyczne | ||
| 385 |
_mPoziom nauczania _aSzkoły wyższe |
||
| 388 | _a1901-2000 | ||
| 388 | _a1945-1989 | ||
| 504 | _aBibliogr. | ||
| 650 | 7 |
_aJajka _2DBN |
|
| 650 | 7 | _aTechnologia żywności | |
| 650 | 7 |
_aKomórka jajowa _2DBN |
|
| 650 | 7 | _aBiologia | |
| 655 | 7 |
_aPodręczniki akademickie _2DBN |
|
| 658 | _aRolnictwo i leśnictwo | ||
| 700 | 1 |
_aHojan-Lubawa, Urszula _eAutor |
|
| 700 | 1 |
_aNiewiarowicz, Adam _d(1918-1993) _eRedakcja |
|
| 710 | 2 |
_aWydawnictwa Naukowo-Techniczne _4pbl |
|
| 856 |
_uhttp://koha.tu.koszalin.pl/cgi-bin/koha/opac-detail.pl?biblionumber=26473 _yKatalog online BPK |
||
| 942 |
_2UKD _cKS |
||
| 999 |
_c26473 _d26473 |
||